Dagen van de week in het Engels - Statistieken

Algemene statistieken
  • Deze quiz is 28 keer genomen
  • De gemiddelde score is 7 van 7
Antwoordstatistieken
Dagen % Correct
Monday
100%
Sunday
100%
Friday
96%
Wednesday
96%
Saturday
92%
Thursday
92%
Tuesday
92%
Geen overeenkomende quizzen gevonden
Scoreverdeling
Procent van Mensen met Elke Score
Percentiel versus Aantal Correcte Antwoorden
Uw Scoregeschiedenis
U heeft deze quiz nog niet genomen